000 00836nas a2200277 4500
001 BR7306047
003 BR-BrBNA
005 20231205082554.0
007 ta
008 230509b bl.|||p| |||| 00| 00por d
040 _aBR-BrBNA
_bpor
_cBiblioteca Nacional de Agricultura
041 _a(Pt)
072 _aL73
100 1 _aRodrigues, F.M.
100 1 _aNagata, C.A.
100 1 _aPeixoto, Z.M.P.
100 1 _aNilsson, M.R.
245 1 _aIsolamento do virus raiva de morcego insetivoro Molossus obscurus (Geoffroy, 1805), no estado de Sao Paulo
650 _aRAIVA
650 _aVIRUS
650 _aMORCEGO INSETIVORO
650 _aSAO PAULO
773 0 _tArquivos do Instituto Biologico (Brazil)
_xISSN 0020-3653
_g(1975), v. 42 p. 193-196
_wBR7306047
909 _a202311
_bLúcia
_c55
_dLúcia Elande
942 _2AGRIS
_n0
_cANA
999 _c92897
_d92897